000 00343nam a2200145Ia 4500
100 _aJoshi/D.G/ Rao/P.C
650 _aElectrical Engineering
942 _cBK
654 _aElectronic Materials
245 _aElectronic Materials & Components
260 _bNirali prakashan
_aPune
_c1991
300 _a288
546 _aENGLISH
999 _c26187
_d26187